Leninism and Western Socialism (Record no. 1078754)

MARC details
000 -LEADER
fixed length control field 00643nam a2200253Ia 4500
003 - CONTROL NUMBER IDENTIFIER
control field OSt
005 - DATE AND TIME OF LATEST TRANSACTION
control field 20221006144025.0
008 - FIXED-LENGTH DATA ELEMENTS--GENERAL INFORMATION
fixed length control field 221006b |||||||| |||| 00| 0 eng d
020 ## - INTERNATIONAL STANDARD BOOK NUMBER
-- .75
037 ## - SOURCE OF ACQUISITION
Terms of availability Textual
040 ## - CATALOGING SOURCE
Original cataloging agency EASL
Transcribing agency EASL
Language of cataloging eng
041 ## - LANGUAGE CODE
Source of code eng
Language code of text/sound track or separate title eng
100 ## - MAIN ENTRY--PERSONAL NAME
Personal name MEDVEDEV Roy
245 #0 - TITLE STATEMENT
Title Leninism and Western Socialism
260 ## - PUBLICATION, DISTRIBUTION, ETC.
Place of publication, distribution, etc. London
Name of publisher, distributor, etc. Verso
Date of publication, distribution, etc. 1981
300 ## - PHYSICAL DESCRIPTION
Extent 310p.
Dimensions cm.
490 ## - SERIES STATEMENT
Volume/sequential designation Oth
942 ## - ADDED ENTRY ELEMENTS (KOHA)
Classification part W691xM180aXM25, M1
Koha item type Textual
Source of classification or shelving scheme Colon Classification (CC)

No items available.

Copyright @ Delhi University Library System